Rekordtorschützen FC Bayern Bundesliga - Statistiken

Allgemein
  • Dieses Quiz wurde 3.322 mal gespielt
    875 seit der letzten Aktualisierung
  • Das Durchschnittsergebnis liegt bei 22 aus 43
Antwortstatistiken
Tore Antwort Nation % Korrekt
365 Gerd Müller Deutschland
99%
238 Robert Lewandowski Polen
99%
150 Thomas Müller Deutschland
99%
99 Arjen Robben Niederlande
91%
86 Frank Ribery Frankreich
90%
62 Harry Kane England
89%
70 Serge Gnabry Deutschland
84%
40 Leroy Sane Deutschland
81%
87 Claudio Pizarro Peru
80%
46 Kingsley Coman Frankreich
79%
92 Giovanne Elber Brasilien
76%
44 Michael Rummenigge Deutschland
73%
38 Luca Toni Italien
72%
102 Dieter Hoeneß Deutschland
70%
162 Karl-Heinz Rummenigge Deutschland
70%
86 Uli Hoeneß Deutschland
70%
33 Mario Mandzukic Kroatien
69%
75 Mario Gomez Deutschland
68%
45 Bastian Schweinsteiger Deutschland
67%
45 Jamal Musiala Deutschland
65%
85 Lothar Matthäus Deutschland
64%
35 Leon Goretzka Deutschland
57%
78 Roy Makaay Niederlande
56%
44 Franz Beckenbauer Deutschland
54%
31 Roque Santa Cruz Paraguay
46%
87 Mehmet Scholl Deutschland
43%
35 Stefan Effenberg Deutschland
41%
31 Jürgen Klinsmann Deutschland
39%
83 Paul Breitner Deutschland
37%
31 Hasan Salihamidzic Bosnien und Herzegowina
36%
44 Michael Ballack Deutschland
35%
48 Carsten Jancker Deutschland
34%
52 Klaus Augenthaler Deutschland
25%
51 Alexander Zickler Deutschland
21%
119 Roland Wohlfarth Deutschland
18%
72 Franz Roth Deutschland
15%
38 Christian Ziege Deutschland
11%
30 Olaf Thon Deutschland
7%
64 Rainer Ohlhauser Deutschland
6%
38 Bernd Dürnberger Deutschland
3%
59 Dieter Brenninger Deutschland
2%
36 Hans Pflügler Deutschland
2%
32 Kurt Niedermayer Deutschland
1%
Keine übereinstimmenden Quizze gefunden
Verteilung der Resultate
Anzahl Personen mit jedem Resultat
Perzentil nach korrekt beantworteten Fragen
Ihre Resultats-Entwicklung
Sie haben dieses Quiz seit der letzten Aktualisierung nicht gespielt